| 000 | 01876 a2200301 4500 | ||
|---|---|---|---|
| 001 | 49891 | ||
| 005 | 20260407155759.0 | ||
| 008 | 260407a1996 arg spa d | ||
| 003 | AR-UNSa-BCEJYS | ||
| 040 |
_aAR-UNSa-BCEJYS _bspa _cAR-UNSa-BCEJYS |
||
| 080 |
_a330.101.542 _xMicroeconomía |
||
| 245 | 1 | 0 | _aEjercicios de microeconomía intermedia |
| 020 | _a84-85855-85-X | ||
| 250 | _a4a. ed. | ||
| 264 | 1 |
_aBarcelona : _bAntoni Bosch _c1996 |
|
| 300 |
_aviii, 433 p. _c27 cm. |
||
| 505 | _a1. El mercado – 2. La restricción presupuestaria – 3. Las preferencias – 4. La utilidad – 5. La elección – 6. La demanda – 7. La preferencia revelada – 8. La ecuación de Slutsky – 9. La compra y la venta – 10. La elección intertemporal – 11. Los mercados de activo – 12. La incertidumbre – 13. Los activos inciertos – 14. El excedente del consumidor – 15. La demanda del mercado – 16. El equilibrio – 17. La tecnología – 18. La maximización del beneficio – 19. La minimización de los costes – 20. Las curvas de costes – 21. La oferta de la empresa – 22. La oferta de la industria – 23. El monopolio – 24. La conducta del monopolio – 25. Los mercados de factores – 26. El oligopolio – 27. La teoría de los juegos – 28. El intercambio – 29. La producción – 30. El bienestar – 31. Las externalidades – 32. Derecho y economía – 33. La tecnología de la información – 34. Los bienes públicos – 35. La información. | ||
| 041 | _aspa | ||
| 942 | _cBK | ||
| 590 | _aniveau_biblio:m niveau_hierar:0 | ||
| 100 | 1 | _aBergstrom, Theodore C. | |
| 700 | 1 | _aVarian, Hal R. | |
| 700 | 1 | _aFominaya, Marina | |
| 700 | 1 | _aLey, Eduardo | |
| 700 | 1 | _aRabasco, María Esther | |
| 700 | 1 | _aToharia, Luis | |
| 856 | 4 | 1 |
_uhttps://www.biblioeco.unsa.edu.ar/pmb/images/libros/L128215.jpg _yImagen de portada _qimage/jpeg |
| 999 |
_c4905 _d4905 |
||